[Event "GER CupT"]
[Site "Germany"]
[Date "2023.01.28"]
[Round "1.2"]
[White "Schuetze, Norman"]
[Black "Felczer, Kevin"]
[Result "1-0"]
[WhiteElo "2277"]
[BlackElo "2242"]
[PlyCount "53"]
[EventDate "2023.01.28"]
[EventType "team-k.o."]
[EventRounds "4"]
[EventCountry "GER"]
[SourceTitle "EXT 2024"]
[Source "ChessBase"]
[SourceDate "2023.10.10"]
[SourceVersion "1"]
[SourceVersionDate "2023.10.10"]
[SourceQuality "1"]
[WhiteTeam "Loeberitz"]
[BlackTeam "Grundau"]
[WhiteTeamCountry "GER"]
[BlackTeamCountry "GER"]

1. e4 c5 2. Nf3 e6 3. d4 cxd4 4. Nxd4 Nc6 5. Nc3 Qc7 6. Ncb5 Qb8 7. Bd3 a6 8. Nxc6 bxc6 9. Nd4 c5 10. Nf3 Bb7 11. c4 Nf6 12. Qe2 Bd6 13. 0-0 Ng4 14. h3 h5 15. Rd1 Ne5 16. Nxe5 Bxe5 17. Be3 Qc7 18. Bc2 f6 19. Ba4 Rd8 20. Qd3 g5 21. Qa3 Bxe4 22. Bxc5 Bxb2 23. Qxb2 Qxc5 24. Qxf6 Rf8 25. Qxe6+ Qe7 26. Qxe7+ Kxe7 27. Re1 1-0

[Event "GRE-chT 49th"]
[Site "Thessaloniki"]
[Date "2022.08.16"]
[Round "6.7"]
[White "Alexiadis, Hristos"]
[Black "Schuetze, Norman"]
[Result "1/2-1/2"]
[WhiteElo "2303"]
[BlackElo "2283"]
[PlyCount "55"]
[EventDate "2022.08.12"]
[EventType "team-swiss"]
[EventRounds "7"]
[EventCountry "GRE"]
[SourceTitle "CBM 209 Extra"]
[Source "ChessBase"]
[SourceDate "2022.09.30"]
[SourceVersion "1"]
[SourceVersionDate "2022.09.30"]
[SourceQuality "1"]
[WhiteTeam "Erakleioe Attikes"]
[BlackTeam "Chania Kethon"]
[WhiteTeamCountry "GRE"]
[BlackTeamCountry "GRE"]

1. d4 d5 2. c4 e6 3. Nf3 Nf6 4. g3 Bb4+ 5. Bd2 Bd6 6. Bg2 c6 7. 0-0 0-0 8. Qc2 Nbd7 9. Rd1 Ne4 10. Bc1 Qe7 11. Nbd2 f5 12. b3 a5 13. Bb2 b5 14. c5 Bc7 15. a4 b4 16. Ne1 Ba6 17. Nd3 e5 18. Nf3 exd4 19. Nxd4 Rf6 20. Nf3 Rf7 21. Nd4 Rf6 22. Nf3 Rf7 23. Rac1 Re8 24. Nd4 Rf6 25. Nf3 Rf7 26. Nd4 Rf6 27. Nf3 Rf7 28. Nd4 1/2-1/2

[Event "BL2-Ost 2122"]
[Site "Germany"]
[Date "2022.06.19"]
[Round "8.3"]
[White "Haba, Petr"]
[Black "Schuetze, Norman"]
[Result "1-0"]
[WhiteElo "2454"]
[BlackElo "2294"]
[PlyCount "65"]
[EventDate "2022.03.05"]
[EventType "team-tourn"]
[EventRounds "10"]
[EventCountry "GER"]
[SourceTitle "EXT 2023"]
[Source "ChessBase"]
[SourceDate "2022.10.05"]
[SourceVersion "1"]
[SourceVersionDate "2022.10.05"]
[SourceQuality "1"]
[WhiteTeam "Erfurt"]
[BlackTeam "Loeberitz"]
[WhiteTeamCountry "GER"]
[BlackTeamCountry "GER"]

1. e4 e5 2. Nf3 Nc6 3. Bb5 a6 4. Ba4 Nf6 5. 0-0 Be7 6. Re1 b5 7. Bb3 0-0 8. h3 Bb7 9. d3 d5 10. exd5 Nxd5 11. a4 Bf6 12. Nbd2 h6 13. Ne4 Be7 14. Ng3 Nf4 15. Nxe5 Nxe5 16. Bxf4 Ng6 17. Bd2 Nh4 18. Qg4 Bxg2 19. Nf5 Nxf5 20. Kxg2 Nh4+ 21. Kf1 Bg5 22. Bxg5 hxg5 23. Re5 Qf6 24. Qxg5 Qf3 25. Bd5 Qxh3+ 26. Ke2 Rae8 27. Rg1 Nf5 28. Bxf7+ Kxf7 29. Qg6+ Kg8 30. Rxe8 Nd4+ 31. Kd1 Qf3+ 32. Kc1 Ne2+ 33. Rxe2 1-0

[Event "BL2-Ost 2122"]
[Site "Germany"]
[Date "2022.04.30"]
[Round "3.3"]
[White "Bromberger, Stefan"]
[Black "Schuetze, Norman"]
[Result "1-0"]
[WhiteElo "2481"]
[BlackElo "2294"]
[PlyCount "123"]
[EventDate "2022.03.05"]
[EventType "team-tourn"]
[EventRounds "10"]
[EventCountry "GER"]
[SourceTitle "EXT 2023"]
[Source "ChessBase"]
[SourceDate "2022.10.05"]
[SourceVersion "1"]
[SourceVersionDate "2022.10.05"]
[SourceQuality "1"]
[WhiteTeam "Muenchen Zugzwang"]
[BlackTeam "Loeberitz"]
[WhiteTeamCountry "GER"]
[BlackTeamCountry "GER"]

1. e4 c5 2. Nf3 d6 3. d4 cxd4 4. Nxd4 Nf6 5. Nc3 a6 6. Be3 e6 7. Be2 Nbd7 8. f4 b5 9. Bf3 Bb7 10. a3 Rc8 11. 0-0 Rc4 12. Qe2 Qa8 13. a4 e5 14. axb5 Rxd4 15. bxa6 Bc6 16. Bxd4 exd4 17. e5 dxe5 18. Bxc6 Qxc6 19. a7 Nb6 20. Ra6 dxc3 21. a8Q+ Qxa8 22. Rxa8+ Nxa8 23. Qxe5+ Kd7 24. Qb5+ Kc8 25. Qc6+ Nc7 26. Ra1 Nd7 27. b4 Bxb4 28. Ra8+ Nb8 29. Rxb8+ Kxb8 30. Qb6+ Kc8 31. Qxb4 Re8 32. Qxc3 f6 33. Qh3+ Kd8 34. Qxh7 Re7 35. g3 Ke8 36. Qg8+ Kd7 37. Kf2 Ne6 38. f5 Nc7 39. c4 Ne8 40. Qd5+ Kc7 41. Qa5+ Kd7 42. Qb5+ Kd8 43. c5 Nc7 44. Qb8+ Kd7 45. g4 Re8 46. Qb6 Re7 47. Qd6+ Ke8 48. c6 Kf8 49. h4 Ne8 50. Qd8 Kf7 51. Kf3 Nc7 52. g5 fxg5 53. hxg5 Ne8 54. Kg4 Rc7 55. Qd7+ Rxd7 56. cxd7 Ke7 57. dxe8Q+ Kxe8 58. Kf4 Kd7 59. Ke5 Ke7 60. Kd5 Kd7 61. Kc5 Kc7 62. f6 1-0

[Event "World Corporate East D"]
[Site "Chess.com INT"]
[Date "2021.02.20"]
[Round "6.1"]
[White "Kretov, Evgenij"]
[Black "Schuetze, Norman"]
[Result "1/2-1/2"]
[WhiteElo "2269"]
[BlackElo "2310"]
[PlyCount "99"]
[EventDate "2021.02.19"]
[EventType "team (rapid)"]
[EventRounds "7"]
[EventCountry "USA"]
[SourceTitle "EXT 2022"]
[Source "ChessBase"]
[SourceDate "2021.10.06"]
[SourceVersion "1"]
[SourceVersionDate "2021.10.06"]
[SourceQuality "1"]
[WhiteTeam "Sberbank Trade Union"]
[BlackTeam "EMCO"]
[WhiteTeamCountry "RUS"]
[BlackTeamCountry "GER"]

1. d4 d5 2. c4 e6 3. Nc3 Bb4 4. Nf3 Nf6 5. Bg5 dxc4 6. e3 b5 7. a4 c6 8. axb5 cxb5 9. Nd2 Qd7 10. Bxf6 gxf6 11. Qf3 Bb7 12. Qxf6 Rg8 13. f3 a6 14. Kf2 Nc6 15. Nde4 Be7 16. Qf4 f5 17. Nc5 Bxc5 18. dxc5 0-0-0 19. Rd1 Qc7 20. Rd6 Nb4 21. Be2 Qxc5 22. Rhd1 Rge8 23. Rxd8+ Rxd8 24. Rxd8+ Kxd8 25. Qh4+ Qe7 26. Qd4+ Kc8 27. g3 Kb8 28. e4 fxe4 29. Nxe4 Bxe4 30. Qxe4 Nd5 31. Qe5+ Kb7 32. f4 Qc5+ 33. Kf3 c3 34. bxc3 Qxc3+ 35. Qxc3 Nxc3 36. Bd3 h6 37. g4 a5 38. g5 hxg5 39. fxg5 a4 40. g6 a3 41. g7 a2 42. g8Q a1Q 43. Qf7+ Kb8 44. Qe8+ Kc7 45. Qe7+ Kb8 46. Qd6+ Kb7 47. Qd7+ Kb8 48. Qd6+ Kb7 49. Qd7+ Kb8 50. Qd6+ 1/2-1/2

[Event "Oberliga Ost-A 1920"]
[Site "Germany"]
[Date "2020.01.18"]
[Round "6.5"]
[White "Hellwig, Tobias"]
[Black "Schuetze, Norman"]
[Result "0-1"]
[WhiteElo "2214"]
[BlackElo "2296"]
[PlyCount "92"]
[EventDate "2019.09.29"]
[EventType "team-tourn"]
[EventRounds "11"]
[EventCountry "GER"]
[SourceTitle "EXT 2021"]
[Source "ChessBase"]
[SourceDate "2020.10.23"]
[SourceVersion "1"]
[SourceVersionDate "2020.10.23"]
[SourceQuality "1"]
[WhiteTeam "Sangerhausen"]
[BlackTeam "Loeberitz"]
[WhiteTeamCountry "GER"]
[BlackTeamCountry "GER"]

1. d4 Nf6 2. g3 g6 3. Bg2 d5 4. Nf3 Bg7 5. 0-0 0-0 6. Nbd2 Nc6 7. c4 dxc4 8. Nxc4 Be6 9. Ne3 Nd5 10. Ne1 Qd7 11. N3c2 Nb6 12. e3 Rad8 13. Nd3 Bc4 14. Nc5 Qc8 15. Re1 e5 16. b3 exd4 17. bxc4 dxe3 18. Qe2 exf2+ 19. Qxf2 Nxc4 20. Bg5 f6 21. Bf4 g5 22. Be3 N4e5 23. Qe2 b6 24. Qb5 Na5 25. Rad1 c6 26. Qa4 Nac4 27. Ne4 a5 28. Qb3 b5 29. a4 Rxd1 30. Rxd1 Qg4 31. Nf2 bxa4 32. Qa2 Qh5 33. Bxc6 Kh8 34. Bd5 f5 35. Bd4 f4 36. g4 Nxg4 37. Bxg7+ Kxg7 38. Qa1+ Kh6 39. Nxg4+ Qxg4+ 40. Kh1 f3 41. Rg1 Qf4 42. Qf1 Nd2 43. Qh3+ Kg7 44. Nd4 Qxd4 45. Rxg5+ Kh8 46. Qf5 Qa1+ 0-1

[Event "Werther Schloss op 25th"]
[Site "Werther"]
[Date "2019.04.14"]
[Round "6"]
[White "Gungl, Theo"]
[Black "Schuetze, Norman"]
[Result "1/2-1/2"]
[WhiteElo "2329"]
[BlackElo "2287"]
[PlyCount "69"]
[EventDate "2019.04.11"]
[EventType "swiss"]
[EventRounds "7"]
[EventCountry "GER"]
[SourceTitle "CBM 189 Extra"]
[Source "ChessBase"]
[SourceDate "2019.06.03"]
[SourceVersion "1"]
[SourceVersionDate "2019.06.03"]
[SourceQuality "1"]

1. e4 c5 2. Nf3 d6 3. d4 cxd4 4. Nxd4 Nf6 5. Nc3 a6 6. Bg5 Nbd7 7. Qe2 h6 8. Bh4 g6 9. f4 Bg7 10. 0-0-0 Qa5 11. Kb1 0-0 12. g4 Nc5 13. Bxf6 Bxf6 14. Nd5 Nd7 15. Nb3 Qd8 16. Nxf6+ Nxf6 17. f5 Nd7 18. Qd2 Kg7 19. Be2 Ne5 20. Rhf1 g5 21. h4 f6 22. Nd4 Bd7 23. Rh1 b5 24. Rh3 Qb6 25. Rdh1 Rh8 26. Bd1 Rad8 27. hxg5 hxg5 28. Qh2 Rxh3 29. Qxh3 Rg8 30. Ne6+ Bxe6 31. fxe6 Kf8 32. Qh6+ Rg7 33. Qh8+ Rg8 34. Qh6+ Rg7 35. Qh8+ 1/2-1/2

[Event "Oberliga Ost-A 1819"]
[Site "Germany"]
[Date "2019.03.23"]
[Round "8.5"]
[White "Schuetze, Norman"]
[Black "Roesemann, Rainer"]
[Result "1-0"]
[WhiteElo "2272"]
[BlackElo "2229"]
[PlyCount "57"]
[EventDate "2018.10.21"]
[EventType "team-tourn"]
[EventRounds "11"]
[EventCountry "GER"]
[SourceTitle "EXT 2020"]
[Source "ChessBase"]
[SourceDate "2019.10.17"]
[SourceVersion "1"]
[SourceVersionDate "2019.10.17"]
[SourceQuality "1"]
[WhiteTeam "Loeberitz"]
[BlackTeam "Leipzig SG"]
[WhiteTeamCountry "GER"]
[BlackTeamCountry "GER"]

1. e4 c6 2. d4 d5 3. Nd2 dxe4 4. Nxe4 Bf5 5. Ng3 Bg6 6. h4 h6 7. Nf3 Nd7 8. h5 Bh7 9. Bd3 Bxd3 10. Qxd3 e6 11. Bd2 Ngf6 12. 0-0-0 Be7 13. Kb1 0-0 14. Ne4 Nxe4 15. Qxe4 Nf6 16. Qe2 Qd5 17. Be3 Rfd8 18. Ne5 c5 19. Rhe1 Rac8 20. g4 c4 21. g5 hxg5 22. Bxg5 c3 23. h6 Rd6 24. h7+ Nxh7 25. Bxe7 Ra6 26. b3 Qa5 27. a3 Nf6 28. Rg1 Rc7 29. Rxg7+ 1-0

[Event "Oberliga Ost-A 1819"]
[Site "Germany"]
[Date "2018.12.16"]
[Round "5.5"]
[White "Niering, Martin"]
[Black "Schuetze, Norman"]
[Result "1-0"]
[WhiteElo "2198"]
[BlackElo "2272"]
[PlyCount "75"]
[EventDate "2018.10.21"]
[EventType "team-tourn"]
[EventRounds "11"]
[EventCountry "GER"]
[SourceTitle "EXT 2020"]
[Source "ChessBase"]
[SourceDate "2019.10.17"]
[SourceVersion "1"]
[SourceVersionDate "2019.10.17"]
[SourceQuality "1"]
[WhiteTeam "Magdeburg Rochade"]
[BlackTeam "Loeberitz"]
[WhiteTeamCountry "GER"]
[BlackTeamCountry "GER"]

1. e4 c5 2. Nf3 d6 3. d4 cxd4 4. Nxd4 Nf6 5. Nc3 a6 6. Bg5 Nbd7 7. f4 Qb6 8. a3 h6 9. Bh4 e5 10. Nf5 exf4 11. Bf2 Qc7 12. Qd4 Nc5 13. 0-0-0 Be6 14. Be2 Rc8 15. Rhf1 d5 16. Bf3 Bxf5 17. exf5 Bd6 18. Bh4 Ncd7 19. Bxf6 Nxf6 20. Rfe1+ Kf8 21. Qa4 Kg8 22. Nxd5 Nxd5 23. Rxd5 Kh7 24. f6 g6 25. h4 b5 26. Qb3 Rhf8 27. h5 Bc5 28. Re4 Qc6 29. hxg6+ fxg6 30. Bg4 Rc7 31. Re6 Qb7 32. Rxc5 Rcf7 33. Rcc6 Qa7 34. Kb1 Qg1+ 35. Ka2 Qxg2 36. Re7 Kg8 37. Rxf7 Qxc6 38. Rc7+ 1-0

[Event "Oberliga Ost-A 1819"]
[Site "Germany"]
[Date "2018.12.15"]
[Round "4.5"]
[White "Schuetze, Norman"]
[Black "Biastoch, Bennet"]
[Result "1/2-1/2"]
[WhiteElo "2272"]
[BlackElo "2134"]
[PlyCount "122"]
[EventDate "2018.10.21"]
[EventType "team-tourn"]
[EventRounds "11"]
[EventCountry "GER"]
[SourceTitle "EXT 2020"]
[Source "ChessBase"]
[SourceDate "2019.10.17"]
[SourceVersion "1"]
[SourceVersionDate "2019.10.17"]
[SourceQuality "1"]
[WhiteTeam "Loeberitz"]
[BlackTeam "Magdeburg Aufbau Elbe"]
[WhiteTeamCountry "GER"]
[BlackTeamCountry "GER"]

1. e4 c5 2. Nf3 d6 3. Bb5+ Nc6 4. 0-0 Bd7 5. Re1 a6 6. Bf1 Bg4 7. h3 Bxf3 8. Qxf3 g6 9. d3 Bg7 10. c3 Nf6 11. Nd2 0-0 12. Nc4 Nd7 13. Bg5 b5 14. Ne3 h6 15. Bf4 b4 16. Rec1 a5 17. a4 Rb8 18. Nd5 Nb6 19. Qe2 e6 20. Nxb6 Rxb6 21. Be3 bxc3 22. bxc3 Rb3 23. Qd2 Qf6 24. d4 cxd4 25. cxd4 Nxd4 26. Ra2 Rb4 27. Rc4 Rxc4 28. Bxc4 Qe5 29. Qd3 d5 30. exd5 exd5 31. Qxd4 Qxd4 32. Bxd4 dxc4 33. Bb6 Ra8 34. Rc2 c3 35. Kf1 Ra6 36. Bc7 Kf8 37. Ke2 Ke7 38. Kd3 Kd7 39. Bf4 Rb6 40. Re2 g5 41. Be5 Bxe5 42. Rxe5 Rb2 43. Rf5 Ke6 44. g4 Ra2 45. Rxa5 Rxf2 46. Kxc3 Rf3+ 47. Kd4 Rxh3 48. Ra6+ Ke7 49. Ke4 Rg3 50. Rxh6 Rxg4+ 51. Kf5 Rxa4 52. Kxg5 Ra2 53. Rb6 f6+ 54. Kf5 Rf2+ 55. Kg4 Kf7 56. Ra6 Kg6 57. Rb6 Ra2 58. Rb5 Ra4+ 59. Kf3 f5 60. Rb8 Ra3+ 61. Kf4 Ra4+ 1/2-1/2

[Event "GRE-chT 45th"]
[Site "Achaia"]
[Date "2017.07.06"]
[Round "5.6"]
[White "Schuetze, Norman"]
[Black "Szabo, Gergely Andras"]
[Result "0-1"]
[WhiteElo "2296"]
[BlackElo "2546"]
[PlyCount "48"]
[EventDate "2017.07.03"]
[EventType "team-swiss"]
[EventRounds "7"]
[EventCountry "GRE"]
[SourceTitle "CBM 179 Extra"]
[Source "ChessBase"]
[SourceDate "2017.08.23"]
[SourceVersion "1"]
[SourceVersionDate "2017.08.23"]
[SourceQuality "1"]
[WhiteTeam "Chania OA"]
[BlackTeam "Kalamata Poseidon"]
[WhiteTeamCountry "GRE"]
[BlackTeamCountry "GRE"]

1. e4 e6 2. d4 d5 3. Nc3 Nf6 4. e5 Nfd7 5. f4 c5 6. Nf3 Be7 7. Be3 0-0 8. Qd2 b6 9. Be2 Nc6 10. 0-0 Bb7 11. Nd1 cxd4 12. Nxd4 Nc5 13. Nf2 Qd7 14. c3 Rac8 15. b4 Nxd4 16. cxd4 Ne4 17. Nxe4 dxe4 18. b5 Ba3 19. Rab1 Bd5 20. Qd1 Rc3 21. Bd2 Rc7 22. Qa4 Bc4 23. Rf2 Qxd4 24. Bxc4 Bc5 0-1

[Event "GRE-chT 45th"]
[Site "Achaia"]
[Date "2017.07.03"]
[Round "1.2"]
[White "Sethuraman, SP."]
[Black "Schuetze, Norman"]
[Result "1-0"]
[WhiteElo "2625"]
[BlackElo "2296"]
[PlyCount "61"]
[EventDate "2017.07.03"]
[EventType "team-swiss"]
[EventRounds "7"]
[EventCountry "GRE"]
[SourceTitle "CBM 179 Extra"]
[Source "ChessBase"]
[SourceDate "2017.08.23"]
[SourceVersion "1"]
[SourceVersionDate "2017.08.23"]
[SourceQuality "1"]
[WhiteTeam "Kavalas CN"]
[BlackTeam "Chania OA"]
[WhiteTeamCountry "GRE"]
[BlackTeamCountry "GRE"]

1. e4 c5 2. Nf3 d6 3. d4 cxd4 4. Nxd4 Nf6 5. Nc3 a6 6. h3 e6 7. g4 b5 8. Bg2 Bb7 9. 0-0 Qc7 10. Re1 Be7 11. g5 Nfd7 12. f4 Nc6 13. Nf5 Bf8 14. a4 b4 15. Nd5 exd5 16. exd5+ Ne7 17. c3 g6 18. Qd4 Rg8 19. Nxe7 Bxe7 20. Be3 Nc5 21. Qc4 b3 22. Bxc5 Rc8 23. Rxe7+ Kxe7 24. Qe2+ Kd7 25. Qg4+ Kd8 26. Bd4 Qa5 27. Qd1 Re8 28. Qxb3 Kc7 29. Bf3 Rb8 30. Qc4+ Kd7 31. b4 1-0

[Event "GER CupT 1617 prel1"]
[Site "Loeberitz"]
[Date "2017.01.28"]
[Round "1"]
[White "Pietzsch, Manuel"]
[Black "Schuetze, Norman"]
[Result "1-0"]
[WhiteElo "2059"]
[BlackElo "2331"]
[PlyCount "105"]
[EventDate "2017.01.28"]
[EventType "team-k.o."]
[EventRounds "2"]
[EventCountry "GER"]
[SourceTitle "EXT 2019"]
[Source "ChessBase"]
[SourceDate "2018.10.10"]
[SourceVersion "1"]
[SourceVersionDate "2018.10.10"]
[SourceQuality "1"]
[WhiteTeam "Leipzig SG"]
[BlackTeam "Loeberitz"]
[WhiteTeamCountry "GER"]
[BlackTeamCountry "GER"]

1. e4 c5 2. Nf3 d6 3. d4 cxd4 4. Nxd4 Nf6 5. Nc3 a6 6. Bg5 e6 7. f4 h6 8. Bxf6 Qxf6 9. Qd2 g5 10. f5 Bd7 11. Be2 h5 12. 0-0 Qh6 13. Bc4 g4 14. Qf2 e5 15. Nd5 exd4 16. Nc7+ Kd8 17. Nxa8 Qf6 18. Nb6 Bc6 19. c3 Bh6 20. cxd4 Bxe4 21. Rae1 Bc6 22. Nd5 Bxd5 23. Bxd5 Nc6 24. Bxc6 bxc6 25. Re4 Re8 26. Rfe1 Rxe4 27. Rxe4 Bg5 28. Qf1 d5 29. Re5 Qd6 30. Qxa6 Bf6 31. Qb6+ Kd7 32. Qb7+ Kd8 33. Qa8+ Kc7 34. Qa7+ Kd8 35. Re1 Qb4 36. Qa8+ Kc7 37. Qa7+ Kd8 38. Qa8+ Kc7 39. Qe8 Qxd4+ 40. Kh1 Qd2 41. Qxf7+ Kb6 42. Qe8 d4 43. Qe2 Qa5 44. Rf1 h4 45. Qe6 Qb5 46. Rg1 Bg5 47. f6 Bd2 48. f7 Bb4 49. Qc8 h3 50. Qb8+ Ka6 51. Qxb5+ Kxb5 52. gxh3 gxh3 53. Rg8 1-0

[Event "Oberliga Ost-A 1617"]
[Site "Germany"]
[Date "2017.01.15"]
[Round "5.1"]
[White "Schuetze, Norman"]
[Black "Vogel, Roven"]
[Result "0-1"]
[WhiteElo "2322"]
[BlackElo "2426"]
[PlyCount "188"]
[EventDate "2016.10.16"]
[EventType "team-tourn"]
[EventRounds "11"]
[EventCountry "GER"]
[SourceTitle "EXT 2018"]
[Source "ChessBase"]
[SourceDate "2017.10.13"]
[SourceVersion "1"]
[SourceVersionDate "2017.10.13"]
[SourceQuality "1"]
[WhiteTeam "Loeberitz"]
[BlackTeam "Dresden USV TU II"]
[WhiteTeamCountry "GER"]
[BlackTeamCountry "GER"]

1. e4 e5 2. Nf3 Nc6 3. Bc4 Bc5 4. c3 Nf6 5. d3 0-0 6. 0-0 d6 7. a4 a6 8. a5 Ba7 9. h3 Ne7 10. Re1 Ng6 11. Nbd2 Nh5 12. Nf1 Nhf4 13. Be3 Qf6 14. d4 Re8 15. Ng3 h6 16. Kh2 Bd7 17. dxe5 Nxe5 18. Nxe5 Rxe5 19. Bd4 Qh4 20. Qf3 Rg5 21. Bxa7 Rxa7 22. Bf1 Ng6 23. Nf5 Rxf5 24. exf5 Ne5 25. Qg3 Qf6 26. f4 Nc6 27. Bd3 Ra8 28. Qf3 Bxf5 29. Bxf5 Qxf5 30. Qe4 Qf6 31. Qe3 Qf5 32. Qe4 Qf6 33. Qe3 Qf5 34. b4 Rd8 35. Rad1 d5 36. Qf3 g6 37. Rd2 d4 38. Qe4 Qb5 39. Qe2 Qf5 40. Qe4 Qb5 41. Qe2 Qf5 42. Qf2 Rd6 43. cxd4 Nxb4 44. Re5 Qd7 45. Qe3 Nc6 46. Re8+ Kg7 47. d5 Rxd5 48. Qc3+ Nd4 49. Rde2 Qc6 50. Qb2 Qf6 51. g3 Rb5 52. Qa3 c5 53. R2e5 Qc6 54. Re4 Rb1 55. Qe3 Rb2+ 56. Kg1 Qa4 57. Qd3 Rb3 58. Rxd4 Qxd4+ 59. Qxd4+ cxd4 60. Kf2 Kf6 61. Rd8 Rb5 62. Rb8 Kf5 63. Ke2 Rb3 64. Rf8 Ke6 65. Re8+ Kd7 66. Rf8 Ke7 67. Rb8 Rxg3 68. Rxb7+ Kf8 69. Rb6 Rxh3 70. Rxa6 Ra3 71. f5 Kg7 72. f6+ Kh7 73. Ra7 g5 74. Rxf7+ Kg6 75. Ra7 Kxf6 76. a6 Kf5 77. Rf7+ Kg4 78. a7 h5 79. Rd7 d3+ 80. Ke3 h4 81. Rxd3 Rxa7 82. Kf2 Ra2+ 83. Kg1 h3 84. Rd8 Kh4 85. Rb8 g4 86. Rb3 Re2 87. Ra3 g3 88. Ra4+ Kg5 89. Ra1 Kf4 90. Rf1+ Ke3 91. Rd1 Rc2 92. Kh1 Ke2 93. Rg1 Rc3 94. Ra1 Rd3 0-1